| Поле | Инд. | ПП | Название | Значение |
|---|---|---|---|---|
| Тип записи | a | |||
| Библиографический уровень | b | |||
| 001 | Контрольный номер | RU/IS/BASE/220452472 | ||
| 005 | Дата корректировки | 20200526074529.0 | ||
| 008 | Кодируемые данные | 20061226 | ||
| 040 | b | Код языка каталог. | rus | |
| e | Правила каталог. | PSBO | ||
| 041 | 0_ | a | Код языка текста | rus |
| 084 | a | Индекс другой классификации/Индекс ББК | 60.561.2; 65.012.12 | |
| 100 | 1_ | a | Автор | Писков Г. И. |
| 245 | 10 | a | Заглавие | Независимый финансовый советник: социальный институт или новая профессия |
| 504 | a | Библиография | Библиогр. ссылки | |
| 650 | a | Основная рубрика | социология | |
| a | Основная рубрика | экономика | ||
| a | Основная рубрика | экономическая социология | ||
| a | Основная рубрика | экономическая теория | ||
| 653 | a | Ключевые слова | личные сбережения | |
| a | Ключевые слова | личный финансовый план | ||
| a | Ключевые слова | менеджмент | ||
| a | Ключевые слова | менеджмент персональных финансов | ||
| a | Ключевые слова | микроэкономика | ||
| a | Ключевые слова | независимый финансовый советник | ||
| a | Ключевые слова | персональные финансы | ||
| a | Ключевые слова | принятие управленческих решений | ||
| a | Ключевые слова | управление персональными финансами | ||
| a | Ключевые слова | управление финансами (финансовый менеджмент) | ||
| a | Ключевые слова | финансовый план | ||
| 773 | 0_ | t | Заглавие источника | Вестник Московского университета. Серия 18, Социология и политология |
| d | Дата издания источника | 2006 | ||
| g | Прочая информация | № 4. - С. 31 - 47 : табл., диагр. | ||
| w | Контрольный № источника | RU/IS/BASE/219330550 | ||
| 901 | t | Тип документа | b |